Dictionary of property and construction law (Record no. 101108)

MARC details
000 -LEADER
fixed length control field 01015cam a2200325 4500
008 - FIXED-LENGTH DATA ELEMENTS--GENERAL INFORMATION
fixed length control field 000000n2001 000 0 eng u
020 ## - INTERNATIONAL STANDARD BOOK NUMBER
International Standard Book Number 0419261001
035 ## - SYSTEM CONTROL NUMBER
System control number (Sirsi) u110619
050 ## - LIBRARY OF CONGRESS CALL NUMBER
Classification number 340.0942
100 ## - MAIN ENTRY--PERSONAL NAME
Personal name Rostron, J.
-- Editor
245 ## - TITLE STATEMENT
Title Dictionary of property and construction law
260 ## - PUBLICATION, DISTRIBUTION, ETC.
Place of publication, distribution, etc. London
Name of publisher, distributor, etc. Spon Press
Date of publication, distribution, etc. 2001
300 ## - PHYSICAL DESCRIPTION
Extent 199p.
Dimensions 23cm.
350 ## - PRICE (NR) (BK AM CF MU VM SE) [OBSOLETE]
Price 20.00
520 ## - SUMMARY, ETC.
Summary, etc. This dictionary aims to provide clear and concise explanations of terms commonly used in construction law, equity and trusts, finance and administration, land law and planning law for professionals in the construction and property industries.
650 ## - SUBJECT ADDED ENTRY--TOPICAL TERM
Topical term or geographic name entry element ADMINISTRATION
650 ## - SUBJECT ADDED ENTRY--TOPICAL TERM
Topical term or geographic name entry element BUILDING LAW
650 ## - SUBJECT ADDED ENTRY--TOPICAL TERM
Topical term or geographic name entry element CONSTRUCTION LAW
650 ## - SUBJECT ADDED ENTRY--TOPICAL TERM
Topical term or geographic name entry element EQUITY
650 ## - SUBJECT ADDED ENTRY--TOPICAL TERM
Topical term or geographic name entry element FINANCE
650 ## - SUBJECT ADDED ENTRY--TOPICAL TERM
Topical term or geographic name entry element LAND LAW
650 ## - SUBJECT ADDED ENTRY--TOPICAL TERM
Topical term or geographic name entry element PLANNING LAW
650 ## - SUBJECT ADDED ENTRY--TOPICAL TERM
Topical term or geographic name entry element PROPERTY LAW
650 ## - SUBJECT ADDED ENTRY--TOPICAL TERM
Topical term or geographic name entry element TRUSTS
690 ## - LOCAL SUBJECT ADDED ENTRY--TOPICAL TERM (OCLC, RLIN)
Topical term or geographic name as entry element LAW
700 ## - ADDED ENTRY--PERSONAL NAME
Personal name Wright, L.
700 ## - ADDED ENTRY--PERSONAL NAME
Personal name Tatham, L.
700 ## - ADDED ENTRY--PERSONAL NAME
Personal name Hardy-Pickering, R.
942 ## - ADDED ENTRY ELEMENTS (KOHA)
Suppress in OPAC 0
Holdings
Withdrawn status Lost status Source of classification or shelving scheme Damaged status Not for loan Home library Current library Shelving location Date acquired Cost, normal purchase price Total Checkouts Full call number Barcode Date last seen Copy number Cost, replacement price Price effective from Koha item type Date last checked out
    Dewey Decimal Classification     London London Books 08/11/2001 42.50   340.0942 ROS 30064991 06/08/2019 1 42.50 06/08/2019 Reference material  
    Dewey Decimal Classification     London London Books 06/06/2003 19.99 15 340.0942 ROS 30067490 06/08/2019 2 19.99 06/08/2019 Book 16/05/2008